Enfranchisement (Record no. 279)
[ view plain ]
| 000 -LEADER | |
|---|---|
| fixed length control field | 01023cab a2200217 4500 |
| 001 - CONTROL NUMBER | |
| control field | ##ABS50897 |
| 008 - FIXED-LENGTH DATA ELEMENTS--GENERAL INFORMATION | |
| fixed length control field | 090401t1994 xxu||||| |||| 00| 0 eng d |
| 035 ## - SYSTEM CONTROL NUMBER | |
| System control number | (Sirsi) u580 |
| 041 0# - LANGUAGE CODE | |
| Language code of text/sound track or separate title | eng |
| 100 1# - MAIN ENTRY--PERSONAL NAME | |
| Personal name | Bright, S. |
| 245 00 - TITLE STATEMENT | |
| Title | Enfranchisement |
| Remainder of title | a fair deal for all or for none? |
| 260 ## - PUBLICATION, DISTRIBUTION, ETC. | |
| Date of publication, distribution, etc. | 1994 |
| 350 ## - PRICE (NR) (BK AM CF MU VM SE) [OBSOLETE] | |
| Price | 0 |
| 490 #0 - SERIES STATEMENT | |
| Series statement | Conveyancer and Property Lawyer |
| Volume/sequential designation | (1994) Conv 211-222(12) |
| 520 ## - SUMMARY, ETC. | |
| Summary, etc. | Examines the complexities of the Leasehold Reform, Housing and Urban Development Act 1993,looking specifically at the issue of enfranchisement, and considering aspects such as injustice to the tenant, extending home ownership and leases as a wasting asset. Compares earlier acts and looks at implications for tenants. Law Commission proposals are also analysed. |
| 650 24 - SUBJECT ADDED ENTRY--TOPICAL TERM | |
| Topical term or geographic name entry element | LEASEHOLD REFORM, HOUSING AND URBAN DEVELOPMENT ACT 1993 |
| 651 #4 - SUBJECT ADDED ENTRY--GEOGRAPHIC NAME | |
| Geographic name | England and Wales |
| Chronological subdivision | 1543- |
| 690 ## - LOCAL SUBJECT ADDED ENTRY--TOPICAL TERM (OCLC, RLIN) | |
| Topical term or geographic name as entry element | PROPERTY-RESIDENTIAL PROPERTY-RESIDENTIAL PROPERTY TENURE-LEASEHOLD RESIDENTIAL PROPERTY |
| 942 ## - ADDED ENTRY ELEMENTS (KOHA) | |
| Suppress in OPAC | 0 |
| 948 ## - LOCAL PROCESSING INFORMATION (OCLC); SERIES PART DESIGNATOR (RLIN) | |
| c (OCLC) | 04/03/1997 |
| Withdrawn status | Lost status | Source of classification or shelving scheme | Damaged status | Not for loan | Home library | Current library | Shelving location | Date acquired | Total Checkouts | Full call number | Barcode | Date last seen | Copy number | Price effective from | Koha item type |
|---|---|---|---|---|---|---|---|---|---|---|---|---|---|---|---|
| Dewey Decimal Classification | London | London | Journal article | 14/09/1999 | ABS50897 | 580-1001 | 06/08/2019 | 1 | 06/08/2019 | Journal article |